|
|
|
|
| LEADER |
00000nam a2200000 a 4500 |
| 001 |
vtls001266327 |
| 003 |
SK-MaSNL |
| 005 |
20260301234558.0 |
| 008 |
251029s1941 xr ab 00 cze |
| 035 |
|
|
|a SNK000217266
|
| 040 |
|
|
|a SNK
|b slo
|c SNK
|e AACR2
|
| 041 |
|
|
|a cze
|
| 044 |
|
|
|a xr
|c CZ
|
| 080 |
|
|
|a 37(091)
|2 2001
|
| 080 |
|
|
|a 929 Komenský, Jan Amos
|2 2001
|
| 100 |
1 |
|
|a Klíma, Jiří Václav,
|d 1874-1948
|4 aut
|9 100752
|
| 245 |
1 |
|
|a Věčně živý Komenský
|c Jiří V. Klíma
|
| 260 |
|
|
|a Praha
|b Česká grafická unie
|c 1941
|
| 300 |
|
|
|a 124, [3] s.
|b Ilustr. Mp.
|c 20 cm
|
| 490 |
1 |
|
|a Budovatelé české školy národní
|v Sv. 1
|
| 600 |
1 |
7 |
|a Komenský, Jan Amos,
|d 1592-1670
|2 SNKPH
|9 10137
|
| 650 |
0 |
7 |
|a dejiny pedagogiky
|2 SNKPH
|9 71333
|
| 655 |
|
7 |
|a biografie
|2 SNKPH
|9 27965
|
| 830 |
|
0 |
|a Budovatelé české školy národní
|9 630780
|
| 999 |
|
|
|c 970749
|d 972679
|
| 952 |
|
|
|t P60, <04>, [BOOK], {604}
|a SNK
|b SNK
|y VYP
|7 0
|p 17A0018525
|o snkID 51059
|0 0
|1 0
|4 0
|d 1996-11-15
|l 0
|r 2005-01-01 00:00:00
|w 2026-02-24
|